000 00360 a2200169 4500
001 190301
020 _a978-85-7412-334-9
040 _cMagnum
100 _aPennart, Geoffroy de
240 1 0 _aO lobo voltou!
_lpor
245 1 0 _aO lobo voltou!
300 _a35
362 0 _a2011
440 1 _aBrinque-Book
697 _aLITERATURA INFANTO
942 _cBK
999 _c190301
_d190301